Using Microsoft Excel 2002 (Record no. 24764)

MARC details
000 -LEADER
fixed length control field 00311nam a22001337a 4500
003 - CONTROL NUMBER IDENTIFIER
control field OSt
005 - DATE AND TIME OF LATEST TRANSACTION
control field 20211229084814.0
008 - FIXED-LENGTH DATA ELEMENTS--GENERAL INFORMATION
fixed length control field 211229b |||||||| |||| 00| 0 eng d
040 ## - CATALOGING SOURCE
Transcribing agency HU
082 ## - DEWEY DECIMAL CLASSIFICATION NUMBER
Classification number 005.44769
100 ## - MAIN ENTRY--PERSONAL NAME
Personal name Blattner,Patrick
9 (RLIN) 25846
245 ## - TITLE STATEMENT
Title Using Microsoft Excel 2002
942 ## - ADDED ENTRY ELEMENTS (KOHA)
Source of classification or shelving scheme Dewey Decimal Classification
Koha item type Books like text book referance book
Suppress in OPAC No

No items available.